Szczegóły MARC21

Die Stunde der wahren Empfindung /

003 -Nazwa inst., której nr kontr. jest w polu 001 [,]
    • @
    • Nazwa instytucji, której n kontrolny jest w polu 001
    • NUKAT
005 -DATA I CZAS OSTATNIEJ MODYFIKACJI [,]
    • @
    • pole kontrolne
    • 20241231085645.0
020 -Międzynarod. znormalizowany nr książki - ISBN [ , ]
    • a
    • Numer ISBN
    • 3518369520 Find
040 -Instytucja sporządzająca opis [ , ]
    • a
    • Instytucja, która sporządziła opis (NP)
    • KR U/84SzE
    • c
    • Instytucja, która sporządziła rekord (NP)
    • KR U/84SzE
942 -Rodzaj dokumentu [ , ]
    • c
    • Rodzaj dokumentu
    • Książka
100 -Hasło główne - nazwa osobowa [1, ]
    • a
    • Nazwa osobowa (NP)
    • Handke, Peter
    • d
    • Daty biograficzne (NP)
    • (1942- ).
    • 9
    • KHW
    • 57785
240 -Tytuł ujednolicony [1,0]
    • a
    • Tytuł ujednolicony
    • Stunde der wahren Empfindung
    • l
    • Język tekstu
    • (niem.)
    • 9
    • KHW
    • 58891
245 -Strefa tytułu i oznaczenia odpowiedzialności [1,4]
    • a
    • Tytuł
    • Die Stunde der wahren Empfindung / Find
    • c
    • Pozostałe elementy strefy tytułu i oznaczenia odpowiedzialności (NP)
    • Peter Handke.
250 -Strefa wydania [ , ]
    • a
    • Oznaczenie wydania (NP)
    • 8. Aufl.
260 -Strefa adresu wydawniczego [ , ]
    • a
    • Miejsce wydania (P)
    • Frankfurt am Main :
    • b
    • Nazwa wydawcy (P)
    • Suhrkamp Verlag,
    • c
    • Data wydania (P)
    • 1992.
300 -Strefa opisu fizycznego [ , ]
    • a
    • Określenie formy książki i/lub objętość (NP)
    • 166, [2] s. ;
    • c
    • Format (NP)
    • 18 cm.
336 -Typ zawartości [ , ]
    • a
    • Termin opisujący typ zawartości
    • Tekst
    • b
    • Kod określający zawartość
    • txt
    • 2
    • Źródło (terminu i kodu)
    • rdacontent
337 -Typ mediów [ , ]
    • a
    • Tryb odtwarzania
    • Bez urządzenia pośredniczącego
    • b
    • Kod typu mediów
    • n
    • 2
    • Źródło (terminu i kodu)
    • rdamedia
338 -Typ/rodzaj nośnika [ , ]
    • a
    • Hasło opisujące typ nośnika
    • Wolumin
    • b
    • Kod typu nośnika
    • nc
    • 2
    • Źródło (terminu i kodu)
    • rdacarrier
490 -Strefa serii i książki wielotomowej - forma nie do wyszukiwania [1, ]
    • a
    • Tytuł (P)
    • Suhrkamp Taschenbuch ; Find
    • v
    • Numeracja (P)
    • 452
830 -Hasło dodatkowe serii i opisu książki wielotomowej - tytuł ujednolicony/tytuł [ ,0]
    • a
    • Tytuł ujednolicony/tytuł (NP)
    • Suhrkamp Taschenbuch
    • x
    • ISSN
    • 0930-9721
    • v
    • Oznaczenie tomu (NP)
    • 452
    • 9
    • KHW
    • 37681
080 -Uniwersalna Klasyfikacja Dziesiętna [ , ]
    • 2
    • Identyfikator wydania tablic
    • UDC-P058
    • 9
    • UKD
    • 56186
    • a
    • Symbol klasyfikacji
    • 821.112.2(436)-1
    • b
    • Dopowiedzenie
    • Literatura austriacka. - Poezja.
    • 4
    • UKD2
    • 8606
    • x
    • Poddział wspólny
    • "19/20"
    • c
    • Dopowiedzenie poddz. wspólnego
    • Wiek XX/XXI.
655 -Hasło w funkcji tematu formalnego [ ,7]
    • a
    • Hasło
    • Nowele austriackie
    • y
    • Określnik chronologiczny
    • 1970-2000.
    • 2
    • Źródło terminu
    • kaba
    • 9
    • KHW
    • 374745
980 -Symbol UKD [ , ]
    • a
    • UKD
    • 821.112.2(436)-1"19/20"
920 -ISBN [ , ]
    • a
    • ISBN
    • 3-518-36952-0 Find
Numer inwentarzowy Data inwentaryzacji Lokalizacja Sygnatura Status udost.
G.100821995-11-13BMGerm. Opowiadania austriackie-3
G.100831995-11-13BMGerm. Opowiadania austriackie-3
G.100851995-11-13BMGerm. Opowiadania austriackie-3
G.100861995-11-13BMGerm. Opowiadania austriackie-3
G.100841995-11-13BMGerm. Opowiadania austriackie-3
G.100871995-11-13G 2